Linear algebra and its applications 2nd edition standard 1997 by david C. lay / (Record no. 6261)
[ view plain ]
| 000 -LEADER | |
|---|---|
| fixed length control field | 00487nam a2200145 a 4500 |
| 100 1# - MAIN ENTRY--AUTHOR NAME | |
| Personal name | Lay, David. |
| 245 10 - TITLE STATEMENT | |
| Title | Linear algebra and its applications 2nd edition standard 1997 by david C. lay / |
| 300 ## - PHYSICAL DESCRIPTION | |
| Number of Pages | 1 v. (unpaged) ; |
| 490 1# - SERIES STATEMENT | |
| Series statement | Second ed. |
| 856 40 - ELECTRONIC LOCATION AND ACCESS | |
| Uniform Resource Identifier | http://www.amazon.com/exec/obidos/ASIN/B004KP50TM/chopaconline-20 |
| Withdrawn status | Lost status | Home library | Current library | Date acquired | Cost, normal purchase price | Full call number | Accession Number | Koha item type |
|---|---|---|---|---|---|---|---|---|
| Central Library, QUEST, Nawabshah | Central Library, QUEST, Nawabshah | 12/06/2014 | 809.00 | 512LAY | 29621 | Books | ||
| Central Library, QUEST, Nawabshah | Central Library, QUEST, Nawabshah | 31/07/2017 | 512LAY | D1878 | Books | |||
| Reference Section | Reference Section | 30/06/2014 | 1760.00 | 512LAY (Shelf - 27C) | 32495 | Books |